| Поле | Инд. | ПП | Название | Значение |
|---|---|---|---|---|
| Тип записи | a | |||
| Библиографический уровень | s | |||
| 001 | Контрольный номер | UNIDUBNA7c21895df3424a8080fb9f41c6dd0592 | ||
| 005 | Дата корректировки | 20251105133810.7 | ||
| 008 | Кодируемые данные | 20120922 | ||
| 022 | 0_ | a | ISSN | 1999-2793 (print); 2454-0757 (online) |
| 084 | a | Индекс другой классификации/Индекс ББК | 71; 87 | |
| 090 | a | Полочн. индекс | Сводное описание журнала | |
| 245 | 10 | a | Заглавие | Философия и культура |
| c | Ответственность | учредители: В. И. Даниленко; гл. ред. Е. А. Попов | ||
| 260 | a | Место издания | Москва | |
| b | Издательство | Nota Bene | ||
| 310 | a | Периодичность в н.в. | 12 раз в год | |
| 362 | 1_ | a | Даты публикации или номер тома | 2012 - |
| 500 | a | Примечание | Журнал, основан в 2008 году | |
| 500 | a | Примечание | На русском, английском и китайском языках | |
| 520 | 0_ | a | Аннотация | Научный журнал, повествующий о сути вещей и познании мира через призму восприятий человека, его творчество и культуру как элементы самовыражения и коммуникаций. Журнал отражает новейшие тенденции в развитии отечественной и мировой философии, рассматриваемой как феномен культуры. Особое внимание уделено антропологическому ренессансу, то есть философскому постижению человека. Издание освещает вопросы культуры, искусствоведения и философские науки. Издается при интеллектуальном содействии Института философии Российской академии наук |
| 540 | a | Правовые условия | Открытый доступ | |
| b | Поставщик/Провайдер | ООО "НБ-Медиа" | ||
| c | Источник права | лицензия Creative Commons | ||
| 540 | a | Правовые условия | Бесплатный доступ | |
| b | Поставщик/Провайдер | КиберЛенинка | ||
| 650 | 04 | a | Основная рубрика | культура |
| a | Основная рубрика | философия | ||
| 653 | 0_ | a | Ключевые слова | герменевтика |
| a | Ключевые слова | искусство | ||
| a | Ключевые слова | социальная философия | ||
| a | Ключевые слова | философия культуры | ||
| a | Ключевые слова | философия науки | ||
| a | Ключевые слова | философия религии | ||
| a | Ключевые слова | философия языка | ||
| a | Ключевые слова | философская антропология | ||
| a | Ключевые слова | эстетика | ||
| 856 | 40 | a | Имя сервера/домена | Научная электронная библиотека КиберЛенинка |
| d | Путь | https://cyberleninka.ru/ | ||
| i | Указания/сценарий входа | Бесплатный доступ | ||
| u | URL | https://cyberleninka.ru/journal/n/filosofiya-i-kultura?i=1144486 | ||
| y | Справочный текст | Электронная версия | ||
| z | Примечание для пользователя | Архив с 2017 г. по настоящее время | ||
| 856 | 40 | a | Имя сервера/домена | Nota Bene. Publishing Technologie |
| d | Путь | https://nbpublish.com/ | ||
| i | Указания/сценарий входа | Открытый доступ | ||
| u | URL | https://nbpublish.com/fkmag/ | ||
| y | Справочный текст | Электронный журнал | ||
| z | Примечание для пользователя | Архив с 2012 г. по настоящее время | ||
| 900 | a | Имя электронного ресурса | obl_filosofia_i_kultura | |
| x | Справочная информация | Обложка | ||
| 901 | t | Тип документа | u | |
| 952 | a | Тип литературы для КСУ ВШ | НЖ |